Crop modelling for land use planning / (Record no. 13719)
[ view plain ]
| 000 -LEADER | |
|---|---|
| fixed length control field | 00507cam a2200193 a 4500 |
| 020 ## - INTERNATIONAL STANDARD BOOK NUMBER | |
| ISBN | 9788183212458 |
| 020 ## - INTERNATIONAL STANDARD BOOK NUMBER | |
| ISBN | 818321245X |
| 082 04 - DEWEY DECIMAL CLASSIFICATION NUMBER | |
| Classification number | 631.40954 |
| Item number | SIN/CR |
| 245 00 - TITLE STATEMENT | |
| Title | Crop modelling for land use planning / |
| 260 ## - PUBLICATION, DISTRIBUTION, ETC. (IMPRINT) | |
| Place of publication | Udaipur : |
| Name of publisher | Agrotech Pub. Academy, |
| Year of publication | 2011. |
| 300 ## - PHYSICAL DESCRIPTION | |
| Number of Pages | 408 p. : |
| Other physical details | ill. ; |
| 650 #0 - SUBJECT ADDED ENTRY--TOPICAL TERM | |
| Topical Term | Crops and soils |
| 650 #0 - SUBJECT ADDED ENTRY--TOPICAL TERM | |
| Topical Term | Crops and climate |
| 650 #0 - SUBJECT ADDED ENTRY--TOPICAL TERM | |
| Topical Term | Crop yields |
| 650 #0 - SUBJECT ADDED ENTRY--TOPICAL TERM | |
| Topical Term | Land use, Rural |
| 700 1# - ADDED ENTRY--PERSONAL NAME | |
| Personal name | Singh, Aditya Kumar, |
| 700 1# - ADDED ENTRY--PERSONAL NAME | |
| Personal name | Singh, Ram Sakal, |
| 942 ## - ADDED ENTRY ELEMENTS (KOHA) | |
| Koha item type | Books |
| Withdrawn status | Lost status | Damaged status | Collection code | Home library | Current library | Shelving location | Date acquired | Source of acquisition | Cost, normal purchase price | Full call number | Accession Number | Koha item type |
|---|---|---|---|---|---|---|---|---|---|---|---|---|
| Non-fiction | KAUAET | KAUAET | General Stacks | 31/03/2012 | International Books and periodical supply service, New Delhi. | 1980.00 | 631.40954 SIN/CR | 23406 | Books |
